00334nam a22001457a 4500003000400000005001700004008004100021020001500062040000700077082001100084100001900095245005300114260001300167300000800180OSt20211227151134.0211227b |||||||| |||| 00| 0 eng d a0895880822 cHU a005.13 aMiller Alan R. aFortran Programing For Scientists And Engineers aUSAbUSA f280